Country names as the next letter in alphabets - Statistics

General Stats
  • This quiz has been taken 18 times
  • The average score is 14 of 15
Answer Stats
Hint Answer % Correct
BGHIBOJTUBO Afghanistan
100%
CPUTXBOB Botswana
100%
EFONBSL Denmark
100%
FHZQU Egypt
100%
FUIJPQJB Ethiopia
100%
NPOHPMJB Mongolia
100%
OBVSV Nauru
100%
QBSBHVBZ Paraguay
100%
UVSLNFOJTUBO Turkmenistan
100%
CFMBSVT Belarus
94%
DBNFSPPO Cameroon
94%
QIJMJQQJOFT Philippines
94%
IPOEVSBT Honduras
88%
NBEBHBTDBS Madagascar
88%
NPMEPWB Moldova
88%
No matching quizzes found
Score Distribution
Percent of People with Each Score
Percentile by Number Answered
Your Score History
You have not taken this quiz